Partos mentales o los alemanes se extinguen (Registro nro. 30891)

Detalles MARC
000 -ENCABEZADO
Número de control [NR] 00806nam a2200229Ia 4500
008 - DE LONGITUD FIJA DE DATOS DE ELEMENTOS - INFORMACIÓN GENERAL
Elementos de longitud fija [NR] 130821s1999 sp gr spa
020 ## - NUMERO INTERNACIONAL NORMALIZADO PARA LIBROS [R]
Número Internacional Normalizado del libro [NR] 8420442062
040 ## - FUENTE DE CATALOGACION [NR]
Agencia de catalogación original [NR] Co-BoUCM
Idioma de catalogación [NR] spa
041 00 - CODIGO DE IDIOMA [R]
Código de idioma para texto/pista de sonido o título separado [R] Español
100 ## - ASIENTO PRINCIPAL--NOMBRE PERSONAL [NR]
Nombre personal [NR] Grass, Gunter
Fechas asociadas con el nombre [NR] 1927-
ID Autoridad 57679
245 00 - MENCION DE TITULO [NR]
Título [NR] Partos mentales o los alemanes se extinguen
Mención de responsabilidad, etc. [NR] Gunter Grass, traducción de Genoveva Dieterich
250 ## - MENCION DE EDICION [NR]
Mención de edición [NR] 2a. ed
260 ## - PUBLICACION, DISTRIBUCION, ETC. (PIE DE IMPRENTA) [R]
Lugar de publicación, distribución, etc. [R] Madrid (España)
Nombre del editor, distribuidor, etc. [R] Grupo Santilla de Ediciones
Fecha de publicación, distribución, etc. [R] 1999
300 ## - DESCRIPCION FISICA [R]
Extensión [R] 163 páginas
500 ## - NOTA GENERAL [R]
Nota general [NR] Premio Nobel de Literatura, 1999
650 04 - ASIENTO SECUNDARIO DE MATERIA - TERMINO TEMATICO [R]
Término temático o nombre geográfico como elemento de entrada [NR] Literatura alemana
9 (RLIN) 18601
650 04 - ASIENTO SECUNDARIO DE MATERIA - TERMINO TEMATICO [R]
Término temático o nombre geográfico como elemento de entrada [NR] Novela alemana
9 (RLIN) 20461
700 ## - ASIENTO SECUNDARIO - NOMBRE PERSONAL [R]
Nombre personal [NR] Dieterich, Genoveva
Término de relación [R]
9 (RLIN) 158052
765 ## - ASIENTO DE IDIOMA ORIGINAL [R]
Título [NR] Kopfgeburten oder die Deutschen Sterben Aus
942 ## - ELEMENTOS DE ENTRADA AGREGADOS (KOHA)
Tipo de ítem principal el descrito en 300a Libro
Tema principal Literatura
Edición 2
Parte restante de la signatura top. G768P
Sistema de clasificación DEWEY
Clasificación 833.914
Existencias
Fecha de último préstamo Total préstamos Total Renewals Signatura topográfica Código de barras Última vez visto Volúmen / Fascículo Ejemplar Price effective from Tipo de ítem Perdido Sistema de clasificación Dañado No prestable Tipo de ítem específico Suprimido Ubicación habitual Ubicación actual Localización Fecha de creación Forma de adquisición Costo
08/06/2018 26 5 833.914 G768P 100054047 11/12/2025 2 ED Ej.1 03/02/2013 Libro   DEWEY     Libro   Quinta de Mutis Quinta de Mutis Mezanecs 28/02/2003 Compra 19000.00